[Event "Nordic Chess-ch 2019"]
[Site "Sarpsborg"]
[Date "2019.06.26"]
[Round "8.14"]
[White "Abdrlauf, Elham"]
[Black "Tunge, Christian"]
[Result "*"]
[WhiteElo "2207"]
[BlackElo "2027"]
[Annotator "NA RC"]
[PlyCount "97"]
[EventDate "2019.06.21"]
[EventType "swiss"]
[EventCountry "NOR"]
[SourceTitle "playchess.com"]
[Source "ChessBase"]
[SourceQuality "1"]
[TimeControl "40/5400+30:1800+30"]

1. e4 {[%emt 0:00:00]} c5 {[%emt 0:00:28]} 2. Nf3 {[%emt 0:00:22]} g6 {[%emt 0:01:23]} 3. d4 {[%emt 0:02:48]} cxd4 {[%emt 0:00:34]} 4. Nxd4 {[%emt 0:00:14]} Nc6 {[%emt 0:01:06]} 5. Nc3 {[%emt 0:04:54]} Bg7 {[%emt 0:00:54]} 6. Be3 {[%emt 0:01:30]} Nf6 {[%emt 0:00:34]} 7. Bc4 {[%emt 0:00:58]} Qa5 {[%emt 0:00:29]} 8. O-O {[%emt 0:08:06]} O-O {[%emt 0:00:15]} 9. a3 {[%emt 0:10:03]} d6 {[%emt 0:14:21]} 10. h3 {[%emt 0:13:22]} Bd7 {[%emt 0:01:32]} 11. f4 {[%emt 0:04:12]} Nxd4 {[%emt 0:09:37]} 12. Bxd4 {[%emt 0:00:25]} Bc6 {[%emt 0:00:14]} 13. b4 {[%emt 0:14:04]} Qc7 {[%emt 0:16:34]} 14. Qe2 {[%emt 0:00:29]} e5 {[%emt 0:06:55]} 15. fxe5 {[%emt 0:00:43]} Nxe4 {[%emt 0:11:39]} 16. Nxe4 {[%emt 0:10:48]} Bxe4 {[%emt 0:31:25]} 17. Bxf7+ {[%emt 0:25:32]} Rxf7 {[%emt 0:00:00]} 18. Qxe4 {[%emt 0:00:30]} dxe5 {[%emt 0:01:00]} 19. Bc5 {[%emt 0:00:30]} Rd8 {[%emt 0:00:30]} 20. Rxf7 {[%emt 0:00:00]} Qxf7 {[%emt 0:00:00]} 21. Bxa7 Qd5 {[%emt 0:01:00]} 22. Qxd5+ {[%emt 0:00:00]} Rxd5 {[%emt 0:00:00]} 23. Be3 e4 {[%emt 0:01:00]} 24. Re1 {[%emt 0:02:30]} b5 {[%emt 0:00:30]} 25. Bc5 {[%emt 0:00:30]} Bd4+ {[%emt 0:00:00]} 26. Bxd4 {[%emt 0:00:30]} Rxd4 {[%emt 0:01:00]} 27. Kf2 {[%emt 0:00:30]} Rc4 {[%emt 0:00:30]} 28. Re2 {[%emt 0:00:30]} Kf7 {[%emt 0:00:30]} 29. Ke3 {[%emt 0:00:30]} Ke6 {[%emt 0:00:30]} 30. Kf4 {[%emt 0:00:30]} g5+ {[%emt 0:00:00]} 31. Kxg5 {[%emt 0:00:00]} Ke5 {[%emt 0:01:00]} 32. h4 {[%emt 0:01:00]} Rc6 {[%emt 0:00:00]} 33. h5 {[%emt 0:00:00]} h6+ {[%emt 0:00:00]} 34. Kg4 {[%emt 0:00:00]} Rc3 {[%emt 0:00:00]} 35. Rd2 {[%emt 0:00:39]} Rxa3 {[%emt 0:00:18]} 36. Rd8 {[%emt 0:00:14]} Rc3 {[%emt 0:00:08]} 37. Re8+ {[%emt 0:00:09]} Kd4 {[%emt 0:00:13]} 38. Kf4 {[%emt 0:00:23]} Rxc2 {[%emt 0:01:39]} 39. Rd8+ {[%emt 0:00:27]} Kc3 {[%emt 0:00:21]} 40. Rc8+ {[%emt 0:00:04]} Kd3 {[%emt 0:00:05]} 41. Rxc2 {[%emt 0:30:07]} Kxc2 {[%emt 0:30:04]} 42. Kxe4 {[%emt 0:00:04]} Kc3 {[%emt 0:00:04]} 43. g4 {[%emt 0:00:03]} Kxb4 {[%emt 0:00:46]} 44. g5 {[%emt 0:00:09]} hxg5 {[%emt 0:00:00]} 45. h6 {[%emt 0:00:00]} Ka3 {[%emt 0:00:00]} 46. h7 {[%emt 0:00:00]} b4 {[%emt 0:00:00]} 47. h8=Q {[%emt 0:00:00]} Ka2 {[%emt 0:00:00]} 48. Kd3 {[%emt 0:00:00]} b3 {[%emt 0:00:00]} 49. Kc3 {[%emt 0:00:00]} *

[Event "Nordic Chess-ch 2019"]
[Site "Sarpsborg"]
[Date "2019.06.26"]
[Round "8.15"]
[White "Nilsen, Tobias Lang"]
[Black "Sahl, Sheila Barth"]
[Result "*"]
[WhiteElo "1986"]
[BlackElo "2127"]
[Annotator "TA"]
[PlyCount "37"]
[EventDate "2019.06.21"]
[EventType "swiss"]
[EventCountry "NOR"]
[SourceTitle "playchess.com"]
[Source "ChessBase"]
[SourceQuality "1"]

{[%evp 19,25,46,55,47,50,38,35,52]} 1. e4 c6 2. Nf3 g6 3. d4 d5 4. Nc3 Bg7 5. h3 dxe4 6. Nxe4 Nd7 7. Bc4 Ngf6 8. Nxf6+ Nxf6 9. O-O O-O 10. Re1 Qc7 {White is slightly better.} 11. Qe2 {B15: Caro-Kann: 3 Nc3: 3...g6 and 3...dxe4 4 Nxe4 Nf6 5 Nxf6+ exf6} (11. c3 c5 12. dxc5 Qxc5 13. Qb3 b6 14. Be3 Qc7 15. Bd4 e6 16. Be5 Qb7 17. Qd1 Qc6 18. Qd4 Bb7 19. Bxf6 Bxf6 20. Qxf6 Qxc4 {½-½ (47) Movsesian,S (2747)-Svidler,P (2726) Odessa 2009}) 11... e6 12. c3 b6 13. Ne5 {Predecessor:} Nd5 $146 14. Bxd5 exd5 15. Bf4 Qb7 16. Qd2 f6 17. Nf3 Bf5 18. Nh4 Bd7 19. Bd6 {½-½ (28) Hjartarson,J (2585)-Lesiege,A (2500) Bermuda 1997} *

[Event "Nordic Chess-ch 2019"]
[Site "Sarpsborg"]
[Date "2019.06.26"]
[Round "8.16"]
[White "Altarbosh, Ward"]
[Black "Unneland, Mathias"]
[Result "*"]
[WhiteElo "2250"]
[BlackElo "1980"]
[Annotator "TA"]
[PlyCount "36"]
[EventDate "2019.06.21"]
[EventType "swiss"]
[EventCountry "NOR"]
[SourceTitle "playchess.com"]
[Source "ChessBase"]
[SourceQuality "1"]

{[%evp 11,36,-16,0,0,0,0,0,0,0,0,0,0,5,0,18,-13,21,19,18,0,11,-7,10,29,23,-31,0]} 1. e4 e6 2. d4 d5 3. exd5 exd5 4. Bd3 Bd6 5. Nc3 c6 6. Nge2 Ne7 7. Bg5 {C01: French: Exchange Variation} O-O (7... Qb6 8. Na4 Qa5+ 9. c3 Nd7 10. b4 Qc7 11. Nc5 b6 12. Nxd7 Bxd7 13. Bh4 Nf5 14. Bxf5 Bxf5 {½-½ (57) Kristjansson,S (2500)-Hou,Y (2639) Reykjavik 2012}) 8. Qd2 h6 $146 ({Predecessor:} 8... Qc7 9. f3 b5 10. h4 Re8 11. O-O-O a5 12. Rde1 a4 13. Bf4 b4 14. Nd1 Ba6 15. Bxd6 Qxd6 {0-1 (47) Kucera,P (2202)-Skara,V (2222) Czechia 2012}) 9. Bf4 {The position is equal.} Bf5 10. O-O-O Bxd3 11. Qxd3 Bxf4+ 12. Nxf4 Qd6 13. Nce2 Na6 {[%cal Bb8a6,Ba6c7,Bc7e6,Be6f4][%mdl 32]} 14. c3 Nc7 15. h4 Ne6 16. Nh5 g6 17. Nf6+ Kg7 {[#] Hoping for ...Nf4.} 18. Ng4 (18. Qf3 $11) 18... Nf4 {Accuracy: White = 50%, Black = 48%.} (18... h5 $5 {[%cal Rh5g4]} 19. Ne3 Nf4 $11) *

[Event "Nordic Chess-ch 2019"]
[Site "Sarpsborg"]
[Date "2019.06.26"]
[Round "8.17"]
[White "Tunsjo, Axel"]
[Black "Sjoberg, Isak"]
[Result "*"]
[WhiteElo "2002"]
[BlackElo "2222"]
[Annotator "TA"]
[PlyCount "21"]
[EventDate "2019.06.21"]
[EventType "swiss"]
[EventCountry "NOR"]
[SourceTitle "playchess.com"]
[Source "ChessBase"]
[SourceQuality "1"]

{[%evp 9,21,-7,13,5,23,6,45,50,45,44,54,40,29,30]} 1. e4 e5 2. Nc3 Nf6 3. Bc4 Nc6 4. d3 Bb4 5. Bd2 Bxc3 (5... Na5 6. Nge2 d6 7. O-O Nxc4 8. dxc4 Be6 9. b3 h6 10. Ng3 Bc5 11. Qf3 Bd4 12. h3 O-O 13. Rad1 {½-½ (62) Ding,Y (2433)-Shen,Y (2449) Xinghua 2015}) 6. bxc3 {C28: Vienna Game: 2...Nf6 3 Bc4 Nc6} O-O $146 ({Predecessor:} 6... d6 7. Nf3 O-O 8. O-O Qe7 9. Re1 Bg4 10. h3 Be6 11. Bb3 a5 12. a4 Rfe8 13. Qb1 {½-½ (43) Sihvonen,T (1988)-Czyz,A (1999) Walbrzych 2018}) 7. Qf3 d5 8. Bxd5 Nxd5 9. exd5 Ne7 10. c4 c6 11. dxc6 *

[Event "Nordic Chess-ch 2019"]
[Site "Sarpsborg"]
[Date "2019.06.26"]
[Round "8.18"]
[White "Kvaloy, Aksel Bu"]
[Black "Kristiansen, Rune Harald"]
[Result "*"]
[WhiteElo "2138"]
[BlackElo "1849"]
[Annotator "TA"]
[PlyCount "16"]
[EventDate "2019.06.21"]
[EventType "swiss"]
[EventCountry "NOR"]
[SourceTitle "playchess.com"]
[Source "ChessBase"]
[SourceQuality "1"]

{[%evp 9,16,54,69,58,67,52,56,53,73]} 1. c4 e6 2. Nc3 b6 3. e4 Bb7 4. Nge2 d6 5. g3 Nd7 {White is slightly better.} 6. Bg2 {A10: English Opening: Unusual Replies for Black} h5 $146 ({Predecessor:} 6... g6 7. O-O Bg7 8. d3 Ne7 9. Be3 O-O 10. Qd2 Re8 11. f4 c5 12. d4 cxd4 13. Nxd4 {½-½ (61) Krause,U (2264)-Epishin,V (2567) Luebeck 2011}) 7. h4 Ngf6 8. O-O e5 *

[Event "Nordic Chess-ch 2019"]
[Site "Sarpsborg"]
[Date "2019.06.26"]
[Round "8.19"]
[White "Fernandez, Juan Pablo"]
[Black "Asbjornsen, Jakob"]
[Result "1-0"]
[WhiteElo "2066"]
[BlackElo "1359"]
[Annotator "NA RC"]
[PlyCount "47"]
[EventDate "2019.06.21"]
[EventType "swiss"]
[EventCountry "NOR"]
[SourceTitle "playchess.com"]
[Source "ChessBase"]
[SourceQuality "1"]
[TimeControl "40/5400+30:1800+30"]

1. c4 {[%emt 0:00:00]} e5 {[%emt 0:00:00]} 2. g3 {[%emt 0:00:00]} Nf6 {[%emt 0:00:00]} 3. Bg2 {[%emt 0:00:00]} d5 {[%emt 0:00:14]} 4. cxd5 {[%emt 0:00:08]} Nxd5 {[%emt 0:00:14]} 5. Nf3 {[%emt 0:00:07]} Nc6 {[%emt 0:00:27]} 6. O-O {[%emt 0:00:13]} Be7 {[%emt 0:00:22]} 7. d4 {[%emt 0:00:19]} exd4 {[%emt 0:01:27]} 8. Nxd4 {[%emt 0:00:34]} Nxd4 {[%emt 0:01:18]} 9. Qxd4 {[%emt 0:00:07]} Nb6 {[%emt 0:00:52]} 10. Qxg7 {[%emt 0:00:46]} Bf6 {[%emt 0:01:44]} 11. Qh6 {[%emt 0:00:51]} Na4 {[%emt 0:03:36]} 12. Nc3 {[%emt 0:06:39]} Nxc3 {[%emt 0:01:15]} 13. bxc3 {[%emt 0:00:11]} Qe7 {[%emt 0:03:10]} 14. Ba3 {[%emt 0:08:17]} Bg5 {[%emt 0:08:18]} 15. Bxe7 {[%emt 0:04:14]} Bxh6 {[%emt 0:00:11]} 16. Bf6 {[%emt 0:00:09]} Rg8 {[%emt 0:01:19]} 17. Rfd1 {[%emt 0:02:52]} Bd7 {[%emt 0:02:40]} 18. Bxb7 {[%emt 0:04:48]} Rb8 {[%emt 0:01:11]} 19. Be4 {[%emt 0:02:25]} Bg7 {[%emt 0:03:19]} 20. Bxh7 {[%emt 0:03:30]} Bxf6 {[%emt 0:00:18]} 21. Bxg8 {[%emt 0:00:17]} Bf5 {[%emt 0:00:28]} 22. e4 {[%emt 0:29:29]} Bg6 {[%emt 0:06:42]} 23. e5 {[%emt 0:00:21]} Bg7 {[%emt 0:01:19]} 24. e6 {[%emt 0:00:30]} 1-0

[Event "Nordic Chess-ch 2019"]
[Site "Sarpsborg"]
[Date "2019.06.26"]
[Round "8.20"]
[White "Neretljak, Nedzad"]
[Black "Johansen, Kolbjorn-Albin"]
[Result "*"]
[WhiteElo "2114"]
[BlackElo "1690"]
[Annotator "NA RC"]
[PlyCount "107"]
[EventDate "2019.06.21"]
[EventType "swiss"]
[EventCountry "NOR"]
[SourceTitle "playchess.com"]
[Source "ChessBase"]
[SourceQuality "1"]
[TimeControl "40/5400+30:1800+30"]

1. e4 {[%emt 0:00:00]} c6 {[%emt 0:00:00]} 2. d4 {[%emt 0:00:00]} d5 {[%emt 0:00:00]} 3. e5 {[%emt 0:00:00]} Bf5 {[%emt 0:00:09]} 4. Ne2 {[%emt 0:00:00]} e6 {[%emt 0:02:27]} 5. Ng3 {[%emt 0:00:06]} Bg6 {[%emt 0:00:19]} 6. h4 {[%emt 0:00:05]} h6 {[%emt 0:01:11]} 7. Bd3 {[%emt 0:01:06]} Bxd3 {[%emt 0:01:27]} 8. Qxd3 {[%emt 0:00:08]} h5 {[%emt 0:09:30]} 9. Nd2 {[%emt 0:00:44]} g6 {[%emt 0:04:24]} 10. Nf3 {[%emt 0:00:12]} Qa5+ {[%emt 0:00:24]} 11. c3 {[%emt 0:04:05]} Qa6 {[%emt 0:00:15]} 12. Qxa6 {[%emt 0:05:46]} Nxa6 {[%emt 0:00:21]} 13. Bg5 {[%emt 0:00:08]} Be7 {[%emt 0:10:14]} 14. O-O {[%emt 0:00:22]} Bxg5 {[%emt 0:03:26]} 15. Nxg5 {[%emt 0:00:26]} Ne7 {[%emt 0:05:53]} 16. Rfe1 {[%emt 0:01:36]} O-O {[%emt 0:10:27]} 17. Ne2 {[%emt 0:00:46]} Nf5 {[%emt 0:01:05]} 18. g3 {[%emt 0:00:18]} c5 {[%emt 0:06:17]} 19. Rad1 {[%emt 0:01:32]} cxd4 {[%emt 0:04:02]} 20. Nxd4 {[%emt 0:00:17]} Nxd4 {[%emt 0:11:47]} 21. Rxd4 {[%emt 0:00:08]} Rac8 {[%emt 0:00:07]} 22. Red1 {[%emt 0:00:27]} b5 {[%emt 0:04:41]} 23. g4 {[%emt 0:04:45]} Rc4 {[%emt 0:04:46]} 24. gxh5 {[%emt 0:01:27]} gxh5 {[%emt 0:00:19]} 25. R1d3 {[%emt 0:03:39]} Rxd4 {[%emt 0:03:08]} 26. cxd4 {[%emt 0:02:53]} Rc8 {[%emt 0:01:42]} 27. Rg3 {[%emt 0:00:47]} Kf8 {[%emt 0:01:51]} 28. Nh7+ {[%emt 0:01:01]} Ke7 {[%emt 0:00:11]} 29. Nf6 {[%emt 0:00:52]} Nb4 {[%emt 0:05:41]} 30. Nxh5 {[%emt 0:01:16]} Rh8 {[%emt 0:00:47]} 31. Nf6 {[%emt 0:00:10]} Nc6 {[%emt 0:02:40]} 32. Rg4 {[%emt 0:01:00]} Nb8 {[%emt 0:01:43]} 33. Rf4 {[%emt 0:01:33]} Rf8 {[%emt 0:01:56]} 34. Rg4 {[%emt 0:15:39]} Rh8 {[%emt 0:00:48]} 35. Kg2 {[%emt 0:09:35]} Nd7 {[%emt 0:00:30]} 36. Nxd7 {[%emt 0:00:40]} Kxd7 {[%emt 0:00:01]} 37. Kg3 {[%emt 0:00:37]} Ke7 {[%emt 0:00:50]} 38. Rg5 {[%emt 0:01:32]} a5 {[%emt 0:01:45]} 39. h5 {[%emt 0:00:10]} Rc8 {[%emt 0:01:10]} 40. Kg2 {[%emt 0:05:04]} b4 {[%emt 0:00:14]} 41. Kf3 {[%emt 0:32:17]} a4 {[%emt 0:14:06]} 42. h6 {[%emt 0:00:00]} Rh8 {[%emt 0:04:37]} 43. Rh5 {[%emt 0:00:00]} Rh7 {[%emt 0:02:08]} 44. Kg4 {[%emt 0:00:00]} f6 {[%emt 0:02:54]} 45. Rh1 {[%emt 0:00:00]} fxe5 {[%emt 0:04:50]} 46. dxe5 {[%emt 0:00:00]} Kf8 {[%emt 0:02:17]} 47. Kg5 {[%emt 0:40:21]} Kg8 {[%emt 0:00:51]} 48. Rc1 {[%emt 0:00:00]} Rf7 {[%emt 0:00:38]} 49. Kg6 {[%emt 0:00:00]} Rf8 {[%emt 0:00:28]} 50. f4 {[%emt 0:00:00]} d4 {[%emt 0:01:55]} 51. Rc6 {[%emt 0:00:00]} b3 {[%emt 0:01:37]} 52. axb3 {[%emt 0:00:00]} axb3 {[%emt 0:00:06]} 53. Rd6 {[%emt 0:00:00]} Rxf4 {[%emt 0:00:57]} 54. Rd8+ {[%emt 0:00:00]} *

[Event "Nordic Chess-ch 2019"]
[Site "Sarpsborg"]
[Date "2019.06.26"]
[Round "8.21"]
[White "Nordtug, Per Oistein"]
[Black "Thorn, Eric"]
[Result "0-1"]
[WhiteElo "1456"]
[BlackElo "2230"]
[Annotator "TA"]
[PlyCount "25"]
[EventDate "2019.06.21"]
[EventType "swiss"]
[EventCountry "NOR"]
[SourceTitle "playchess.com"]
[Source "ChessBase"]
[SourceQuality "1"]

{[%evp 11,25,4,81,-74,-79,-265,-5,8,10,-120,-115,-98,-91,-167,-163,-1263]} 1. c4 Nf6 2. Nc3 e6 3. d4 Bb4 4. Bg5 c5 5. Nf3 O-O 6. e3 Qa5 (6... cxd4 $11 {keeps the balance.} 7. Qxd4 Nc6) 7. Qc2 $2 {[#] E21: Nimzo-Indian: 4 Nf3} (7. Bxf6 $1 $16 {Be7 is the strong threat.} gxf6 8. Qc2) (7. Bxf6 Bxc3+ 8. bxc3 Qxc3+ 9. Nd2 gxf6 10. Rc1 Qa3 11. d5 Kh8 12. g3 f5 13. Bg2 d6 14. O-O e5 {1-0 (39) Hracek,Z (2613)-Djurovic,G (2398) Bol 2015}) 7... Ne4 $1 $17 {[%cal Re4c3]} 8. Bd3 $2 (8. O-O-O $17 Nxc3 9. bxc3 Bxc3 10. Be7) 8... cxd4 $146 (8... Nxg5 $19 9. Nxg5 cxd4 {[%mdl 64] Pin, Discovered Attack} 10. Bxh7+ Kh8) ({Predecessor:} 8... Nxc3 9. O-O cxd4 10. exd4 h6 11. Bf4 Nc6 12. a3 Be7 13. b4 Qd8 14. Qxc3 Bf6 {1-0 (36) Suleymanli,A-Can,I (1756) Budva 2013}) 9. Bxe4 $11 {The position is equal.} f5 10. Bd3 ({Much weaker is} 10. exd4 fxe4 11. Qxe4 Bxc3+ 12. bxc3 Qxc3+ 13. Ke2 Qxc4+ 14. Qd3 Qxd3+ 15. Kxd3 Nc6 $17) (10. Nxd4 $11 fxe4 11. Bh4) 10... dxc3 $17 11. O-O {[#]} cxb2 $1 12. Qxb2 (12. Rab1 $17) 12... Bc3 $19 13. Qxb7 $2 (13. Qb5) 0-1

[Event "Nordic Chess-ch 2019"]
[Site "Sarpsborg"]
[Date "2019.06.26"]
[Round "8.22"]
[White "Pettersen, Morgan Buckholm"]
[Black "Ptacnikova, Lenka"]
[Result "*"]
[WhiteElo "1508"]
[BlackElo "2145"]
[Annotator "TA"]
[PlyCount "24"]
[EventDate "2019.06.21"]
[EventType "swiss"]
[EventCountry "NOR"]
[SourceTitle "playchess.com"]
[Source "ChessBase"]
[SourceQuality "1"]

{[%evp 15,24,28,54,-1,49,-3,49,41,48,0,11]} 1. d4 g6 2. c4 Bg7 3. Nf3 d6 4. Nc3 Nf6 5. e4 O-O 6. Be2 Nbd7 7. O-O e5 8. Bg5 c6 9. Re1 {E94: King's Indian: Classical: 6 Be2 e5 7 0-0: Various Black 7th moves} (9. d5 $14) (9. Qd2 Re8 10. d5 Nc5 11. Qc2 a5 12. Rfd1 Qc7 13. Nd2 h6 14. Be3 Ng4 15. Bxg4 Bxg4 16. f3 Bd7 17. a3 Na6 18. Rab1 {½-½ (85) Ni,H (2671)-Petrosian,T (2601) Riadh 2017}) 9... Re8 10. Bf1 ({White should try} 10. d5 $14) 10... Qc7 (10... exd4 $11 11. Nxd4 (11. Qxd4 h6 $15) 11... Nc5) 11. Qd2 a6 12. a4 a5 $146 ({Predecessor:} 12... Nf8 13. h3 Ne6 14. Be3 exd4 15. Nxd4 Nc5 16. f3 a5 17. Rad1 Be6 18. Qf2 b6 {1-0 (49) Elschner,A (2140)-Leib,B (2085) Germany 1997}) *

[Event "Nordic Chess-ch 2019"]
[Site "Sarpsborg"]
[Date "2019.06.26"]
[Round "8.23"]
[White "Stellas, Dimitrios"]
[Black "Jashari, Driton"]
[Result "*"]
[WhiteElo "1976"]
[BlackElo "1755"]
[Annotator "NA RC"]
[PlyCount "83"]
[EventDate "2019.06.21"]
[EventType "swiss"]
[EventCountry "NOR"]
[SourceTitle "playchess.com"]
[Source "ChessBase"]
[SourceQuality "1"]
[TimeControl "40/5400+30:1800+30"]

1. d4 {[%emt 0:01:45]} Nf6 {[%emt 0:00:00]} 2. Bf4 {[%emt 0:00:42]} e6 {[%emt 0:03:56]} 3. e3 {[%emt 0:00:58]} c5 {[%emt 0:01:00]} 4. Nd2 {[%emt 0:03:15]} d5 {[%emt 0:06:06]} 5. c3 {[%emt 0:00:59]} Nc6 {[%emt 0:06:11]} 6. Ngf3 {[%emt 0:00:47]} Be7 {[%emt 0:01:39]} 7. h3 {[%emt 0:00:45]} O-O {[%emt 0:00:15]} 8. Bd3 {[%emt 0:02:31]} cxd4 {[%emt 0:10:49]} 9. exd4 {[%emt 0:01:34]} Nh5 {[%emt 0:00:55]} 10. Bh2 {[%emt 0:03:17]} g6 {[%emt 0:00:57]} 11. Ne5 {[%emt 0:04:57]} Bg5 {[%emt 0:15:09]} 12. Ndf3 {[%emt 0:10:04]} Bh6 {[%emt 0:02:50]} 13. Ng4 {[%emt 0:03:58]} Bg7 {[%emt 0:00:24]} 14. Qd2 {[%emt 0:00:37]} a6 {[%emt 0:01:48]} 15. Nfe5 {[%emt 0:04:02]} f5 {[%emt 0:03:01]} 16. Nh6+ {[%emt 0:01:52]} Bxh6 {[%emt 0:00:01]} 17. Qxh6 {[%emt 0:00:18]} Qe7 {[%emt 0:02:46]} 18. O-O-O {[%emt 0:04:12]} Qg7 {[%emt 0:00:11]} 19. Qd2 {[%emt 0:01:43]} Ne7 {[%emt 0:01:37]} 20. g4 {[%emt 0:01:45]} Nf6 {[%emt 0:00:03]} 21. f3 {[%emt 0:00:22]} b5 {[%emt 0:00:11]} 22. Kb1 {[%emt 0:03:50]} Nd7 {[%emt 0:01:04]} 23. Nxd7 {[%emt 0:01:17]} Bxd7 {[%emt 0:00:02]} 24. Be5 {[%emt 0:01:18]} Qf7 {[%emt 0:00:04]} 25. g5 {[%emt 0:01:18]} Rfe8 {[%emt 0:00:19]} 26. h4 {[%emt 0:01:03]} Nc6 {[%emt 0:00:11]} 27. Bf6 {[%emt 0:00:54]} e5 {[%emt 0:00:05]} 28. h5 {[%emt 0:06:44]} Re6 {[%emt 0:01:42]} 29. hxg6 {[%emt 0:00:40]} Qxg6 {[%emt 0:00:02]} 30. Rh6 {[%emt 0:02:00]} Rxf6 {[%emt 0:00:02]} 31. gxf6 {[%emt 0:02:39]} Qg3 {[%emt 0:00:13]} 32. Rh5 {[%emt 0:06:49]} Kf7 {[%emt 0:00:27]} 33. Rxh7+ {[%emt 0:00:46]} Ke6 {[%emt 0:00:11]} 34. dxe5 {[%emt 0:02:57]} Nxe5 {[%emt 0:03:59]} 35. Qh6 {[%emt 0:08:37]} Ng6 {[%emt 0:07:04]} 36. Rxd7 {[%emt 0:02:13]} Qxf3 {[%emt 0:00:20]} 37. Re7+ {[%emt 0:05:19]} Kxf6 {[%emt 0:00:08]} 38. Qg7+ {[%emt 0:00:40]} Kg5 {[%emt 0:00:13]} 39. Rg1+ {[%emt 0:00:32]} Kh4 {[%emt 0:02:21]} 40. Qh6+ {[%emt 0:00:36]} Qh5 {[%emt 0:00:07]} 41. Qxh5+ {[%emt 0:30:15]} Kxh5 {[%emt 0:30:03]} 42. Rh7# {[%emt 0:00:03]} *

[Event "Nordic Chess-ch 2019"]
[Site "Sarpsborg"]
[Date "2019.06.26"]
[Round "8.25"]
[White "Kreken, Eivind Grunt"]
[Black "Berisha, Xhafer"]
[Result "*"]
[WhiteElo "1784"]
[BlackElo "1340"]
[Annotator "NA RC"]
[PlyCount "75"]
[EventDate "2019.06.21"]
[EventType "swiss"]
[EventCountry "NOR"]
[SourceTitle "playchess.com"]
[Source "ChessBase"]
[SourceQuality "1"]
[TimeControl "40/5400+30:1800+30"]

1. d4 {[%emt 0:00:00]} e6 {[%emt 0:03:56]} 2. c4 {[%emt 0:00:00]} Nf6 {[%emt 0:00:15]} 3. Nc3 {[%emt 0:00:03]} c5 {[%emt 0:00:23]} 4. d5 {[%emt 0:00:17]} d6 {[%emt 0:00:14]} 5. e4 {[%emt 0:03:03]} Be7 {[%emt 0:00:03]} 6. f4 {[%emt 0:04:28]} O-O {[%emt 0:00:19]} 7. Nf3 {[%emt 0:02:28]} exd5 {[%emt 0:00:25]} 8. cxd5 {[%emt 0:00:16]} Ng4 {[%emt 0:00:20]} 9. Bd3 {[%emt 0:02:06]} a6 {[%emt 0:00:52]} 10. a4 {[%emt 0:00:48]} Nd7 {[%emt 0:00:17]} 11. O-O {[%emt 0:02:38]} Qb6 {[%emt 0:00:27]} 12. Bc4 {[%emt 0:01:17]} Qd8 {[%emt 0:00:44]} 13. h3 {[%emt 0:02:50]} Ngf6 {[%emt 0:00:12]} 14. e5 {[%emt 0:02:18]} dxe5 {[%emt 0:00:17]} 15. fxe5 {[%emt 0:00:16]} Nh5 {[%emt 0:00:31]} 16. g4 {[%emt 0:17:01]} Ng3 {[%emt 0:00:31]} 17. Re1 {[%emt 0:05:49]} Nb6 {[%emt 0:03:36]} 18. Bd3 {[%emt 0:00:33]} c4 {[%emt 0:00:10]} 19. Bc2 {[%emt 0:01:30]} h5 {[%emt 0:00:44]} 20. g5 {[%emt 0:13:15]} Nf5 {[%emt 0:00:57]} 21. d6 {[%emt 0:00:34]} Nxd6 {[%emt 0:02:17]} 22. exd6 {[%emt 0:00:41]} Bxd6 {[%emt 0:00:03]} 23. a5 {[%emt 0:03:23]} Bc5+ {[%emt 0:01:41]} 24. Be3 {[%emt 0:01:29]} Qc7 {[%emt 0:01:31]} 25. Kg2 {[%emt 0:01:38]} h4 {[%emt 0:02:18]} 26. Bxc5 {[%emt 0:03:29]} Qg3+ {[%emt 1:19:57]} 27. Kh1 {[%emt 0:00:49]} Qxh3+ {[%emt 0:00:00]} 28. Nh2 {[%emt 0:00:21]} Bd7 {[%emt 0:00:00]} 29. Bxf8 {[%emt 0:01:07]} Rxf8 {[%emt 0:00:00]} 30. axb6 {[%emt 0:00:48]} Qg3 {[%emt 0:00:00]} 31. Qxd7 {[%emt 0:00:27]} h3 {[%emt 0:00:00]} 32. Qxb7 {[%emt 0:00:56]} Qxg5 {[%emt 0:00:00]} 33. Qe4 {[%emt 0:00:44]} g6 {[%emt 0:00:00]} 34. b7 {[%emt 0:00:40]} Qg3 {[%emt 0:00:00]} 35. Rxa6 {[%emt 0:00:54]} Kg7 {[%emt 0:00:00]} 36. Rg1 {[%emt 0:00:36]} Qc7 {[%emt 0:00:00]} 37. Raxg6+ {[%emt 0:00:19]} fxg6 {[%emt 0:00:00]} 38. Qxg6+ {[%emt 0:00:06]} *

[Event "Nordic Chess-ch 2019"]
[Site "Sarpsborg"]
[Date "2019.06.26"]
[Round "8.26"]
[White "Johansen, Torbjorn Reidar"]
[Black "Granholt, Morten"]
[Result "1-0"]
[WhiteElo "1754"]
[BlackElo "1478"]
[Annotator "NA RC"]
[PlyCount "55"]
[EventDate "2019.06.21"]
[EventType "swiss"]
[EventCountry "NOR"]
[SourceTitle "playchess.com"]
[Source "ChessBase"]
[SourceQuality "1"]
[TimeControl "40/5400+30:1800+30"]

1. e4 {[%emt 0:02:33]} c5 {[%emt 0:00:00]} 2. Nf3 {[%emt 0:00:23]} d6 {[%emt 0:00:00]} 3. d4 {[%emt 0:00:05]} cxd4 {[%emt 0:00:01]} 4. Nxd4 {[%emt 0:00:06]} Nf6 {[%emt 0:00:09]} 5. Nc3 {[%emt 0:00:38]} g6 {[%emt 0:00:33]} 6. Bc4 {[%emt 0:04:16]} Bg7 {[%emt 0:01:55]} 7. Bb3 {[%emt 0:00:07]} O-O {[%emt 0:00:32]} 8. O-O {[%emt 0:00:05]} Nc6 {[%emt 0:00:17]} 9. Kh1 {[%emt 0:02:54]} Bd7 {[%emt 0:00:22]} 10. f4 {[%emt 0:02:04]} Nxd4 {[%emt 0:12:37]} 11. Qxd4 {[%emt 0:00:10]} e5 {[%emt 0:00:34]} 12. Qxd6 {[%emt 0:00:26]} Ng4 {[%emt 0:02:15]} 13. Qd3 {[%emt 0:01:35]} Qh4 {[%emt 0:02:49]} 14. Qg3 {[%emt 0:00:47]} Qxg3 {[%emt 0:00:32]} 15. hxg3 {[%emt 0:00:06]} Bc6 {[%emt 0:03:51]} 16. f5 {[%emt 0:01:45]} Rad8 {[%emt 0:03:49]} 17. Nd5 {[%emt 0:01:04]} Rd7 {[%emt 0:06:55]} 18. fxg6 {[%emt 0:05:57]} hxg6 {[%emt 0:00:34]} 19. Bg5 {[%emt 0:00:23]} Bxd5 {[%emt 0:09:03]} 20. Bxd5 {[%emt 0:00:16]} Kh7 {[%emt 0:00:38]} 21. Rf3 {[%emt 0:02:08]} f6 {[%emt 0:07:27]} 22. Be6 {[%emt 0:01:15]} Rc7 {[%emt 0:05:19]} 23. Bxg4 {[%emt 0:00:28]} fxg5 {[%emt 0:00:12]} 24. Rxf8 {[%emt 0:01:35]} Bxf8 {[%emt 0:00:11]} 25. c3 {[%emt 0:00:15]} Rc4 {[%emt 0:00:43]} 26. Re1 {[%emt 0:00:39]} Bc5 {[%emt 0:00:21]} 27. Re2 {[%emt 0:01:25]} a5 {[%emt 0:01:39]} 28. Be6 {[%emt 0:00:07]} 1-0